<?xml version="1.0" encoding="UTF-8"?>
<record
    xmlns:xsi="http://www.w3.org/2001/XMLSchema-instance"
    xsi:schemaLocation="http://www.loc.gov/MARC21/slim http://www.loc.gov/standards/marcxml/schema/MARC21slim.xsd"
    xmlns="http://www.loc.gov/MARC21/slim">

  <leader>01471    a2200193   4500</leader>
  <controlfield tag="001">53132</controlfield>
  <controlfield tag="005">20260407155805.0</controlfield>
  <controlfield tag="008">260407a1964    arg                 spa d</controlfield>
  <controlfield tag="003">AR-UNSa-BCEJYS</controlfield>
  <datafield tag="040" ind1=" " ind2=" ">
    <subfield code="a">AR-UNSa-BCEJYS</subfield>
    <subfield code="b">spa</subfield>
    <subfield code="c">AR-UNSa-BCEJYS</subfield>
  </datafield>
  <datafield tag="080" ind1=" " ind2=" ">
    <subfield code="a">331.101</subfield>
    <subfield code="x">Cuestiones laborales de car&#xE1;cter general. Teor&#xED;a del trabajo. Ciencia del trabajo </subfield>
  </datafield>
  <datafield tag="245" ind1="1" ind2="0">
    <subfield code="a">Introducci&#xF3;n a la econom&#xED;a laboral</subfield>
  </datafield>
  <datafield tag="264" ind1=" " ind2="1">
    <subfield code="a">Buenos Aires :</subfield>
    <subfield code="b">Tipogr&#xE1;fica Editora Argentina</subfield>
    <subfield code="c">1964</subfield>
  </datafield>
  <datafield tag="300" ind1=" " ind2=" ">
    <subfield code="a">700 p.</subfield>
    <subfield code="c">23 cm.</subfield>
  </datafield>
  <datafield tag="505" ind1=" " ind2=" ">
    <subfield code="a">Parte I. El mercado laboral: 1. Al estudiante - 2. La poblaci&#xF3;n y la fuerza laboral - 3. Mercados laborales en Estados Unidos &#x2013; Parte II. El movimiento laboral: 4. La fuerza laboral organizada en la actualidad - 5. Los primeros 100 a&#xF1;os: 1786-1886 - 6. La era de la ALF - 7. El surgimiento de la fuerza laboral organizada de 1963 hasta al presente - 8. Organizaci&#xF3;n y administraci&#xF3;n sindical - 9. La negociaci&#xF3;n colectiva - 10. Huelgas, piquetes y boicots - 11. Or&#xED;genes y objetivos de la fuerza laboral organizada &#x2013; Parte III. Seguridad de empleo: 12. El problema de la desocupaci&#xF3;n  - 13. Ocupaci&#xF3;n plena, inflaci&#xF3;n, desarrollo econ&#xF3;mico, desocupaci&#xF3;n c&#xED;clica &#x2013; Parte IV. Salarios: 14. El problema de los salarios. Diferenciales de salarios - 15. Teor&#xED;a y pol&#xED;tica de los salarios. Problemas - 16. Reglamentaci&#xF3;n p&#xFA;blica de los salarios</subfield>
  </datafield>
  <datafield tag="942" ind1=" " ind2=" ">
    <subfield code="c">BK</subfield>
  </datafield>
  <datafield tag="590" ind1=" " ind2=" ">
    <subfield code="a">niveau_biblio:m niveau_hierar:0</subfield>
  </datafield>
  <datafield tag="100" ind1="1" ind2=" ">
    <subfield code="a">Phelps, Orme W.</subfield>
  </datafield>
  <datafield tag="999" ind1=" " ind2=" ">
    <subfield code="c">5111</subfield>
    <subfield code="d">5111</subfield>
  </datafield>
  <datafield tag="952" ind1=" " ind2=" ">
    <subfield code="0">0</subfield>
    <subfield code="1">0</subfield>
    <subfield code="4">0</subfield>
    <subfield code="7">0</subfield>
    <subfield code="a">BCEJYS</subfield>
    <subfield code="b">BCEJYS</subfield>
    <subfield code="c">16</subfield>
    <subfield code="d">2026-04-07</subfield>
    <subfield code="l">0</subfield>
    <subfield code="o">331.101 P538</subfield>
    <subfield code="p">L21949</subfield>
    <subfield code="r">2026-04-07 15:58:05</subfield>
    <subfield code="w">2026-04-07</subfield>
    <subfield code="y">L</subfield>
  </datafield>
</record>
